[Event "SVK-chT2B 1617"]
[Site "Slovakia"]
[Date "2017.02.11"]
[Round "8.8"]
[White "Joba, Arpad"]
[Black "Toth, Jozef"]
[Result "1-0"]
[WhiteElo "2024"]
[BlackElo "1356"]
[PlyCount "91"]
[EventDate "2016.10.08"]
[EventType "team-tourn"]
[EventRounds "11"]
[EventCountry "SVK"]
[SourceTitle "EXT 2018"]
[Source "ChessBase"]
[SourceDate "2017.10.13"]
[SourceVersion "1"]
[SourceVersionDate "2017.10.13"]
[SourceQuality "1"]
[WhiteTeam "Komarno"]
[BlackTeam "Levice"]
[WhiteTeamCountry "SVK"]
[BlackTeamCountry "SVK"]

1. e4 e5 2. Nf3 Nc6 3. Bb5 Bc5 4. 0-0 d6 5. c3 a6 6. Bxc6+ bxc6 7. d4 exd4 8. cxd4 Bb6 9. h3 h6 10. Nc3 Bb7 11. Qb3 Ne7 12. Be3 0-0 13. Rfd1 d5 14. e5 Ng6 15. Rac1 Rb8 16. Na4 Ba8 17. Qd3 Qc8 18. b3 Re8 19. Rc2 Re6 20. Nh2 Ne7 21. f4 f5 22. exf6 Rxf6 23. Ng4 Rf8 24. Ne5 a5 25. Bc1 Re8 26. Ba3 Nf5 27. Bc5 Qe6 28. Rdc1 Ne7 29. Bxe7 Rxe7 30. Kh1 Rf8 31. Ng6 Qe4 32. Nxe7+ Qxe7 33. Rf2 Qf6 34. Rd1 Bb7 35. Nc5 Bc8 36. Re1 Qh4 37. Qe3 Kh8 38. Kg1 Kg8 39. Qe7 Qh5 40. Qe5 Qg6 41. g4 Qf7 42. Qe7 Qg6 43. f5 Bxf5 44. Nd7 Bxd4 45. Qxf8+ Kh7 46. Qxf5 1-0